Sports Quiz

Random Sports or World Cup Quiz

Reigning World Cup winners in the Premier League Quiz Stats

 Plays Quiz not verified by Sporcle

Challenge
Share
Tweet
Embed
Score 0/32 Timer 05:00
0 Plays Today
Hint Answer % Correct
ArsenalThierry Henry
86.3%
ArsenalGilberto Silva
86.1%
Manchester CityDavid Silva
85.1%
ArsenalMesut Özil
84.3%
ArsenalPer Mertesacker
79.8%
LiverpoolFernando Torres
79.2%
ChelseaFernando Torres
79.2%
ArsenalPatrick Vieira
75.9%
ArsenalEmmanuel Petit
74.5%
ChelseaEmmanuel Petit
74.5%
MiddlesbroughJuninho Paulista
73.2%
ArsenalLukas Podolski
73.1%
Manchester UnitedJuan Mata
72.6%
ChelseaJuan Mata
72.6%
ArsenalCesc Fàbregas
67.3%
Manchester UnitedLaurent Blanc
67.1%
Hint Answer % Correct
ChelseaMarcel Desailly
66.4%
Manchester UnitedBastian Schweinsteiger
65.2%
Manchester UnitedFabien Barthez
64.8%
ArsenalRobert Pirès
63.8%
ChelseaAndré Schürrle
60.3%
BoltonYouri Djorkaeff
55.5%
Manchester CityJesús Navas
55.5%
Manchester UnitedKléberson
54.5%
LiverpoolPepe Reina
54.2%
ChelseaDidier Deschamps
51.1%
ChelseaFrank Leboeuf
50.7%
NewcastleStéphane Guivarc'h
37.2%
MiddlesbroughChristian Karembeu
32.1%
LeedsRoque Júnior
31.6%
MiddlesbroughBranco
19%
LiverpoolBernard Diomède
17.7%

You're not logged in!

Compare scores with friends on all Sporcle quizzes.
Join for Free
OR
Log In

You Might Also Like...

Show Comments

Extras

Top Quizzes Today


Score Distribution

Your Account Isn't Verified!

In order to create a playlist on Sporcle, you need to verify the email address you used during registration. Go to your Sporcle Settings to finish the process.

Report this User

Report this user for behavior that violates our Community Guidelines.

Details: